The bronte sisters four novels: Jane Eyne, Villette, Wuthering Heights, Agnes Grey

Guardat en:
Dades bibliogràfiques
Autors principals: Bronte, Charlotte (Autor), Bronte, Emily (Autor), Brontë, Anne (Autor)
Format: Llibre
Idioma:anglès
Publicat: Londres Spring Books 1968
Matèries:
Etiquetes: Afegir etiqueta
Sense etiquetes, Sigues el primer a etiquetar aquest registre!

MARC

LEADER 00000nam a2200000 a 4500
001 UCX5436
003 CL-VaPUC
008 921116e19680000UK |||||||||||||||||eng|d
082 0 4 |a 823  |b BRO  |2 21 
100 |a Bronte, Charlotte  |e author  |9 321721 
700 0 |a Bronte, Emily  |e author  |9 321722 
700 |a Brontë, Anne  |e author  |9 321723 
245 1 4 |a The bronte sisters four novels: Jane Eyne, Villette, Wuthering Heights, Agnes Grey 
300 |a 1140 p 
942 |c BK 
945 |d 19921116 00:00:00 
260 |a Londres  |b Spring Books  |c 1968 
650 0 |a Novelas inglesas  |9 265220 
583 |a last modification  |c 19921116 00:00:00  |k Rodrigo Vera 
999 |c 225683  |d 225681 
952 |0 0  |1 0  |4 0  |6 823_000000000000000_BRO_1968  |7 0  |8 A  |9 223429  |a BIBEDU  |b BIBEDU  |d 2019-11-15  |i 2922525  |o 823 BRO 1968  |p 2922525  |r 2019-11-15  |w 2019-11-15  |y BK  |k LIT